000 00429nam a2200157 i 4500
001 24498
003 ES-MaACL
005 20230906153047.0
007 t|
008 021217s1933 xxk ||||1| eng d
100 1 _aAndrew, E. S. L.
_921658
245 1 0 _aIndian labour in Rangoon /
_cby E.S.L. Andrew.
260 _aOxford :
_bOxford University Press,
_c1933.
300 _aXXXIII, 300 p. ;
_c22 cm.
852 _aES-MaACL
_jA-2400
999 _c24498
_d24498